All Billie Eilish Songs - Statistics

General Stats
  • This quiz has been taken 115 times
    83 since last reset
  • The average score is 52 of 62
Answer Stats
Albums Answer % Correct
WHEN WE ALL FALL ASLEEP, WHERE DO WE GO ? !!!!!!!
100%
bad guy
97%
Happier Than Ever
97%
LUNCH
95%
Guitar Songs TV
95%
BIRDS OF A FEATHER
93%
BLUE
93%
idontwannabeyouanymore
93%
ocean eyes
93%
HIT ME HARD AND SOFT SKINNY
93%
The 30th
93%
CHIHIRO
92%
THE GREATEST
92%
when the party's over
92%
WILDFLOWER
92%
NDA
90%
wish you were gay
90%
xanny
90%
bellyache
88%
BITTERSUITE
88%
bury a friend
88%
dont smile at me COPYCAT
88%
i love you
88%
L'AMOUR DE MA VIE
88%
THE DINER
88%
Therefore I Am
88%
watch
88%
all the good girls go to hell
86%
Male Fantasy
86%
No Time To Die
86%
Singles What Was I Made For ?
86%
&burn
85%
goodbye
85%
hostage
85%
I Didn't Change My Number
85%
lovely
85%
my future
85%
Billie Bossa Nova
83%
listen before i go
83%
my boy
83%
Oxytocin
83%
Your Power
83%
everything i wanted
81%
you should see me in a crown
81%
8
80%
Happier Than Ever Getting Older
80%
party favor
80%
Bored
78%
ilo milo
78%
Lost Cause
78%
Everybody Dies
76%
GOLDWING
76%
my strange addiction
76%
Not My Responsibility
76%
bitches broken hearts
75%
come out and play
75%
OverHeated
75%
Six Feet Under
71%
Halley's Comet
69%
Lo Vas A Olvidar
68%
WHEN I WAS OLDER
68%
hotline
61%
No matching quizzes found
Score Distribution
Percent of People with Each Score
Percentile by Number Answered
Your Score History
You have not taken this quiz since the last reset